ARRUPE JESUIT UNIVERSITY

CORONAVIRUS -STOP THE SPREAD - CLEAN,DISINFECT,COVER

The Blackwell companion to political sociology / (Record no. 128062)

MARC details
000 -LEADER
fixed length control field 01059cam a22002654a 4500
001 - CONTROL NUMBER
control field 11957134
003 - CONTROL NUMBER IDENTIFIER
control field ARRUPE
005 - DATE AND TIME OF LATEST TRANSACTION
control field 20180903085916.0
008 - FIXED-LENGTH DATA ELEMENTS--GENERAL INFORMATION
fixed length control field 000329s2001 nyua b 001 0 eng
010 ## - LIBRARY OF CONGRESS CONTROL NUMBER
LC control number 00037830
020 ## - INTERNATIONAL STANDARD BOOK NUMBER
International Standard Book Number 0631210504 (alk. paper)
040 ## - CATALOGING SOURCE
Original cataloging agency DLC
Transcribing agency DLC
Modifying agency DLC
042 ## - AUTHENTICATION CODE
Authentication code pcc
050 00 - LIBRARY OF CONGRESS CALL NUMBER
Classification number JA76
Item number .B58 2000
082 00 - DEWEY DECIMAL CLASSIFICATION NUMBER
Classification number 306.2
Edition number 21
300 ## - PHYSICAL DESCRIPTION
Other physical details ill. ;
Dimensions 25 cm.
245 04 - TITLE STATEMENT
Title The Blackwell companion to political sociology /
Statement of responsibility, etc edited by Kate Nash and Alan Scott.
260 ## - PUBLICATION, DISTRIBUTION, ETC. (IMPRINT)
Place of publication, distribution, etc Malden, Mass. :
Name of publisher, distributor, etc Blackwell,
Date of publication, distribution, etc c2001.
300 ## - PHYSICAL DESCRIPTION
Extent xiv, 478 p. :
440 #0 - SERIES STATEMENT/ADDED ENTRY--TITLE
Title Blackwell companions to sociology
9 (RLIN) 41870
504 ## - BIBLIOGRAPHY, ETC. NOTE
Bibliography, etc Includes bibliographical references (p. [418]-461) and index.
650 #0 - SUBJECT ADDED ENTRY--TOPICAL TERM
Topical term or geographic name as entry element Political sociology.
9 (RLIN) 41871
700 1# - ADDED ENTRY--PERSONAL NAME
Personal name Nash, Kate,
Dates associated with a name 1958-
9 (RLIN) 41872
700 1# - ADDED ENTRY--PERSONAL NAME
Personal name Scott, Alan,
Dates associated with a name 1956-
9 (RLIN) 41873
906 ## - LOCAL DATA ELEMENT F, LDF (RLIN)
a 7
b cbc
c orignew
d 1
e ocip
f 20
g y-gencatlg
942 ## - ADDED ENTRY ELEMENTS (KOHA)
Source of classification or shelving scheme Library of Congress Classification
Koha item type Monograph ( Printed materials)
Holdings
Withdrawn status Lost status Source of classification or shelving scheme Damaged status Not for loan Collection code Home library Current library Shelving location Date acquired Total Checkouts Full call number Barcode Date last seen Price effective from Koha item type
    Library of Congress Classification     Main Collection ARRUPE LIBRARY ARRUPE LIBRARY Main Collection 03/09/2018   JA76 .B58 2000 46600002174 03/09/2018 03/09/2018 Monograph ( Printed materials)

 

Arrupe Library. PO Box MP320 Mt Pleasant, Harare, Zimbabwe
263 242 745411|librarian@aju.ac.zw